| 000 | 01238nam a2200193 a 4500 | ||
|---|---|---|---|
| 001 | 000009750 | ||
| 003 | AM-YeHGA | ||
| 005 | 20250618075455.0 | ||
| 008 | 030212s1966 ai r 000 0 rus d | ||
| 040 | _aAM-YeHGA | ||
| 245 | 0 | 0 |
_aПедагогические проблемы : _bМатериалы первой объединенной конференции институтов педагогических наук Азербайджана, Армении и Грузии (25-28 ноября 1964 г.) / _cНИИ пед. наук м-ва просвещ. АрмССР ; Ред. Р. Атаян. |
| 260 |
_aЕреван : _bБ. и, _c1966. |
||
| 300 | _a206 с. | ||
| 650 | 1 | 4 |
_aПедагогика _vСборник |
| 700 | 1 |
_aԱթայան, Ռաֆայել Արշակի, _d1907-1990 _eред. _4edt _91123 |
|
| 710 | 0 | _aНаучно-исследовательский институт педагогических наук министерства просвещения АрмССР | |
| 711 | 2 |
_aОбъединенная конференция институтов педагогических наук Азербайджана, Армении и Грузии _n( 1 : _d25-28 ноября 1964 г. : _cЕреван) |
|
| 090 | _c470118 | ||
| 999 |
_c466896 _d466896 |
||